| 000 | 00576nam a2200157Ia 4500 | ||
|---|---|---|---|
| 008 | 100204s9999 xx 000 0 und d | ||
| 082 | _b13408 | ||
| 100 | _aहरबान्स सिंग | ||
| 245 | _aगुरु गोविंद सिंह | ||
| 260 |
_b"गुरु गोविंद सिंह फांउडेशन, चंदिगड" _c1966 |
||
| 300 | _a151 | ||
| 630 | _aगुरु गोविंद सिंह | ||
| 700 | _aमाधव मनोहर | ||
| 730 | _aगुरु गोविंद सिंह | ||
| 942 | _cBOOK | ||
| 999 |
_c457840 _d457837 |
||